000
00254nam a2200097Ia 4500
008
230907s9999||||xx |||||||||||||| ||und||
082
_a
333.793209049
_b
ULT
245
0
_a
Ultra-supercritical coal power plants :
300
_a
xxii, 282 pages :
942
_c
BK
999
_c
598634
_d
598634